Financial sector assessment : (Registro nro. 12096)

Detalles MARC
000 -LEADER
fixed length control field 02441cam a2200349 a 4500
003 - CONTROL NUMBER IDENTIFIER
control field OSt
005 - DATE AND TIME OF LATEST TRANSACTION
control field 20210809153001.0
008 - FIXED-LENGTH DATA ELEMENTS--GENERAL INFORMATION
fixed length control field 051011s2005 dcua b 000 0 eng d
020 ## - INTERNATIONAL STANDARD BOOK NUMBER
International Standard Book Number 0821364324
020 ## - INTERNATIONAL STANDARD BOOK NUMBER
International Standard Book Number 9780821364321
035 ## - SYSTEM CONTROL NUMBER
System control number (OCoLC)ocm61807823
040 ## - CATALOGING SOURCE
Original cataloging agency SIMAS
Transcribing agency CO-JMCR
041 0# - LANGUAGE CODE
Language code of text/sound track or separate title eng
082 00 - DEWEY DECIMAL CLASSIFICATION NUMBER
Classification number 332.1 /
Item number B213f
Edition number 23
110 2# - MAIN ENTRY--CORPORATE NAME
Corporate name or jurisdiction name as entry element The World Bank
9 (RLIN) 9685
245 10 - TITLE STATEMENT
Title Financial sector assessment :
Remainder of title a handbook /
Statement of responsibility, etc. World Bank and International Monetary Fund.
260 ## - PUBLICATION, DISTRIBUTION, ETC.
Place of publication, distribution, etc. Washington, D.C. :
Name of publisher, distributor, etc. World Bank and International Monetary Fund,
Date of publication, distribution, etc. 2005.
300 ## - PHYSICAL DESCRIPTION
Extent xxiii, 459 pages :
Other physical details black and white illustrations and graphics ;
Dimensions 28 cm.
500 ## - GENERAL NOTE
General note "September 2005."
504 ## - BIBLIOGRAPHY, ETC. NOTE
Bibliography, etc. note Includes bibliographical references.
505 0# - FORMATTED CONTENTS NOTE
Formatted contents note Financial sector assessment: Overall framework and executive suammary. -- indicators of financial structure, development, and soundness. -- Assessing financial stability. -- Assessing financial structure and financial development. -- Evaluating financial sector supervision: banking, insurance, and securites merkets. -- Assessing the supervision of other financial intermediaries. -- Rural and microfinance institutions: regulatory and supervisory issues. -- Assessing financial system integrity-Anti-money laundering and combating the financing of terrorism. -- Assessing the legal infrastructure for financial systems. -- Assessing information and governance infrastructure. -- Assessing systemic liquidity infrastucture. -- Sequencing financial sector reforms.
520 0# - SUMMARY, ETC.
Summary, etc. In the wake of the financial crises of the late 1990s, there was a surge of interest in the systematic assessment of financial sectors, with a view to identifying vulnerabilities and evaluating the sector's developmental needs. Consequently, there has been an increased demand from financial sector authorities in many countries for information on key issues and sound practices in the assessment of financial systems and the appropriate design of policy responses.
650 14 - SUBJECT ADDED ENTRY--TOPICAL TERM
Topical term or geographic name entry element Financial services industry
General subdivision State supervision.
9 (RLIN) 39196
650 24 - SUBJECT ADDED ENTRY--TOPICAL TERM
Topical term or geographic name entry element Banks and banking
General subdivision State supervision.
9 (RLIN) 39197
650 24 - SUBJECT ADDED ENTRY--TOPICAL TERM
Topical term or geographic name entry element Securities industry
General subdivision State supervision.
9 (RLIN) 39198
650 24 - SUBJECT ADDED ENTRY--TOPICAL TERM
Topical term or geographic name entry element Insurance
General subdivision State supervision.
9 (RLIN) 39199
650 24 - SUBJECT ADDED ENTRY--TOPICAL TERM
Topical term or geographic name entry element Financial crises.
9 (RLIN) 39200
650 24 - SUBJECT ADDED ENTRY--TOPICAL TERM
Topical term or geographic name entry element Risk assessment.
9 (RLIN) 39201
710 2# - ADDED ENTRY--CORPORATE NAME
Corporate name or jurisdiction name as entry element World Bank.
9 (RLIN) 39097
710 2# - ADDED ENTRY--CORPORATE NAME
Corporate name or jurisdiction name as entry element International Monetary Fund.
9 (RLIN) 39122
942 ## - ADDED ENTRY ELEMENTS (KOHA)
Source of classification or shelving scheme Dewey Decimal Classification
Koha item type Books
Existencias
Withdrawn status Lost status Source of classification or shelving scheme Damaged status Not for loan Home library Current library Shelving location Date acquired Source of acquisition Full call number Barcode Date last seen Copy number Price effective from Koha item type
    Dewey Decimal Classification     Biblioteca Pública José María del Castillo y Rada Biblioteca Pública José María del Castillo y Rada General Stacks 04/15/2018 Donación 332.1 / B213f 430002411 05/16/2024 Ej.1 03/10/2021 Books